[Event "Paysandu Amistad Salto"]
[Site "Paysandu"]
[Date "2017.12.03"]
[Round "7"]
[White "Ulaneo, Matias"]
[Black "Garcia Martinez, Alvaro"]
[Result "1/2-1/2"]
[WhiteElo "2031"]
[BlackElo "2031"]
[PlyCount "99"]
[EventDate "2017.11.05"]
[EventType "tourn"]
[EventRounds "7"]
[EventCountry "URU"]
[SourceTitle "EXT 2019"]
[Source "ChessBase"]
[SourceDate "2018.10.10"]
[SourceVersion "1"]
[SourceVersionDate "2018.10.10"]
[SourceQuality "1"]

1. c4 e6 2. g3 d5 3. Bg2 Nf6 4. Nf3 a6 5. cxd5 exd5 6. 0-0 Bd6 7. d4 0-0 8. Nc3 Nc6 9. Bg5 Be6 10. Re1 Be7 11. Ne5 Nxe5 12. dxe5 Ng4 13. Bxe7 Qxe7 14. h3 Nxe5 15. Nxd5 Bxd5 16. Qxd5 c6 17. Qb3 Rad8 18. Rad1 h6 19. a4 Rfe8 20. Qc3 Rd6 21. f4 Nd7 22. b4 Rxd1 23. Rxd1 Nf6 24. Bf3 Ne4 25. Qe1 Qe6 26. Rd4 Qf6 27. Rd3 Qb2 28. Kg2 f5 29. g4 Nf6 30. gxf5 Nd5 31. Bxd5+ cxd5 32. Kf3 Re4 33. Rxd5 Rxb4 34. a5 Qb3+ 35. Rd3 Qc4 36. Rd8+ Kh7 37. Qd2 Qe4+ 38. Kg3 Rb5 39. Qd3 Qxd3+ 40. Rxd3 Rxf5 41. Ra3 g5 42. fxg5 hxg5 43. h4 Kg6 44. e3 gxh4+ 45. Kxh4 Rb5 46. Kg4 Kf6 47. Kf4 Ke6 48. Ke4 Rb4+ 49. Kd3 Kd5 50. Rc3 1/2-1/2

[Event "Paysandu Amistad Salto"]
[Site "Paysandu"]
[Date "2017.11.05"]
[Round "1"]
[White "Tregarthen, Emiliano"]
[Black "Ulaneo, Matias"]
[Result "0-1"]
[WhiteElo "2076"]
[BlackElo "2031"]
[PlyCount "162"]
[EventDate "2017.11.05"]
[EventType "tourn"]
[EventRounds "7"]
[EventCountry "URU"]
[SourceTitle "EXT 2019"]
[Source "ChessBase"]
[SourceDate "2018.10.10"]
[SourceVersion "1"]
[SourceVersionDate "2018.10.10"]
[SourceQuality "1"]

1. e4 e6 2. Qe2 c5 3. c3 Nc6 4. Nf3 d5 5. exd5 Qxd5 6. g3 e5 7. Bg2 Bg4 8. 0-0 Nf6 9. h3 Bxf3 10. Bxf3 Qe6 11. Re1 Bd6 12. Qb5 Qd7 13. b4 cxb4 14. d4 0-0 15. Bg5 Nxd4 16. Qd3 Nxf3+ 17. Qxf3 e4 18. Qg2 Qf5 19. Bxf6 Qxf6 20. Nd2 Be5 21. Nxe4 Qc6 22. Rac1 Bxc3 23. Nxc3 Qxg2+ 24. Kxg2 bxc3 25. Rxc3 Rac8 26. Ra3 a6 27. Re7 Rb8 28. Rd3 Rfe8 29. Rc7 Rec8 30. Re7 Re8 31. Rc7 Rec8 32. Rcd7 Rf8 33. Rb3 b5 34. Rc3 Rb6 35. Rcc7 Rf6 36. g4 h6 37. Kg3 Re8 38. h4 Re1 39. Rc8+ Kh7 40. h5 Rg1+ 41. Kh3 Rf3+ 42. Kh2 Rxg4 43. Rdd8 g6 44. Rh8+ Kg7 45. Rhg8+ Kf6 46. hxg6 Rxf2+ 47. Kh3 Rxg6 48. Rxg6+ Kxg6 49. Rc6+ Rf6 50. Rc2 a5 51. Kg4 Rf1 52. Rc5 h5+ 53. Kg3 Rf5 54. Rc8 Rd5 55. Kf4 b4 56. Rg8+ Kf6 57. Rh8 Rd2 58. a3 bxa3 59. Rxh5 Rd4+ 60. Ke3 Ra4 61. Rh1 a2 62. Ra1 Kf5 63. Kd2 Ke4 64. Kc2 f5 65. Kb3 Rb4+ 66. Kc3 Ra4 67. Kb3 Rd4 68. Rxa2 a4+ 69. Kc3 Rd3+ 70. Kc4 a3 71. Rh2 f4 72. Rh8 Re3 73. Ra8 Kf3 74. Kd4 Ke2 75. Rc8 Rd3+ 76. Ke4 f3 77. Rc2+ Rd2 78. Rc3 f2 79. Re3+ Kf1 80. Rxa3 Kg1 81. Ke3 Rb2 0-1

[Event "URU-chTB"]
[Site "Uruguay"]
[Date "2017.07.08"]
[Round "3.1"]
[White "Avedisian, Alexander"]
[Black "Ulaneo, Matias"]
[Result "1/2-1/2"]
[WhiteElo "1892"]
[BlackElo "2017"]
[PlyCount "88"]
[EventDate "2017.07.07"]
[EventType "team-swiss"]
[EventRounds "5"]
[EventCountry "URU"]
[SourceTitle "EXT 2018"]
[Source "ChessBase"]
[SourceDate "2017.10.13"]
[SourceVersion "1"]
[SourceVersionDate "2017.10.13"]
[SourceQuality "1"]
[WhiteTeam "Trebejos IV"]
[BlackTeam "Paysandu II"]
[WhiteTeamCountry "URU"]
[BlackTeamCountry "URU"]

1. g3 Nf6 2. Bg2 d5 3. Nf3 b6 4. 0-0 Bb7 5. c4 e6 6. d3 Be7 7. Nc3 0-0 8. cxd5 Nxd5 9. Nxd5 Bxd5 10. Bd2 c5 11. Qa4 Bc6 12. Qc2 Nd7 13. e4 Rc8 14. a4 Qc7 15. Bc3 Qb7 16. Nd2 Rfd8 17. Nc4 Nf8 18. a5 f6 19. axb6 axb6 20. Ra3 Ra8 21. Rfa1 Rxa3 22. Rxa3 Qd7 23. e5 Bxg2 24. Kxg2 b5 25. Ba5 bxc4 26. Bxd8 Qd5+ 27. f3 Bxd8 28. exf6 Bxf6 29. dxc4 Qd4 30. Rb3 Qe5 31. Rb7 Qe3 32. Rb3 Qe1 33. Rb8 Bd4 34. Qe4 Qg1+ 35. Kh3 Qf1+ 36. Kg4 h5+ 37. Kxh5 Qh3+ 38. Kg5 Bf6+ 39. Kf4 e5+ 40. Ke3 Bg5+ 41. Kd3 Qf1+ 42. Kc2 Qf2+ 43. Kb1 Qd4 44. Qf5 Qd1+ 1/2-1/2

[Event "Montevideo Duchamp Cup 1st"]
[Site "Montevideo"]
[Date "2017.02.13"]
[Round "7"]
[White "Lopez Falcon, Jorge"]
[Black "Ulaneo, Matias"]
[Result "1/2-1/2"]
[WhiteElo "2170"]
[BlackElo "1994"]
[PlyCount "67"]
[EventDate "2017.02.09"]
[EventType "swiss"]
[EventRounds "9"]
[EventCountry "URU"]
[SourceTitle "CBM 176 Extra"]
[Source "ChessBase"]
[SourceDate "2017.03.02"]
[SourceVersion "1"]
[SourceVersionDate "2017.03.02"]
[SourceQuality "1"]

1. d4 d5 2. c4 e6 3. Nc3 Nf6 4. Nf3 Be7 5. Bf4 0-0 6. e3 c5 7. dxc5 Bxc5 8. Be2 dxc4 9. Bxc4 a6 10. 0-0 b5 11. Qxd8 Rxd8 12. Rfd1 Re8 13. Be2 Bb7 14. Ne5 Nc6 15. Bf3 Na5 16. Bxb7 Nxb7 17. Nd7 Be7 18. Nb6 Rad8 19. Bc7 Rxd1+ 20. Rxd1 Bd8 21. Bxd8 Rxd8 22. Rxd8+ Nxd8 23. Kf1 Kf8 24. a4 bxa4 25. Ncxa4 Ke7 26. Nc4 Kd7 27. Ke2 Kc6 28. Nc3 Kc5 29. Nd2 Nc6 30. f3 Nb4 31. g4 Nbd5 32. Kd3 Nb4+ 33. Ke2 Nbd5 34. Kd3 1/2-1/2

[Event "Montevideo Duchamp Cup 1st"]
[Site "Montevideo"]
[Date "2017.02.11"]
[Round "4"]
[White "Pineda Polanco, Adolfo"]
[Black "Ulaneo, Matias"]
[Result "0-1"]
[WhiteElo "2176"]
[BlackElo "1994"]
[PlyCount "52"]
[EventDate "2017.02.09"]
[EventType "swiss"]
[EventRounds "9"]
[EventCountry "URU"]
[SourceTitle "CBM 176 Extra"]
[Source "ChessBase"]
[SourceDate "2017.03.02"]
[SourceVersion "1"]
[SourceVersionDate "2017.03.02"]
[SourceQuality "1"]

1. Nf3 c5 2. e4 e6 3. d4 cxd4 4. Nxd4 a6 5. c4 d6 6. Nc3 b6 7. Be3 Nf6 8. Be2 Bb7 9. f3 Be7 10. Qa4+ Nbd7 11. Nc6 Bxc6 12. Qxc6 0-0 13. 0-0 Qb8 14. Rfd1 b5 15. Nxb5 Rc8 16. Na7 Rxc6 17. Nxc6 Qxb2 18. Kf2 Bf8 19. Rab1 Qa3 20. Rb4 d5 21. Bc1 Bc5+ 22. Kg3 Nxe4+ 23. Kh3 Nf2+ 24. Kg3 Qxa2 25. Rd2 Qa1 26. Bb2 Qe1 0-1

[Event "URU-chT Clubs"]
[Site "Punta del Este"]
[Date "2014.08.25"]
[Round "5.31"]
[White "Cao, Jorge"]
[Black "Ulaneo, Matias"]
[Result "1-0"]
[WhiteElo "1963"]
[BlackElo "2006"]
[PlyCount "89"]
[EventDate "2014.08.23"]
[EventType "team-swiss"]
[EventRounds "5"]
[EventCountry "URU"]
[SourceTitle "EXT 2017"]
[Source "ChessBase"]
[SourceDate "2016.10.25"]
[SourceVersion "1"]
[SourceVersionDate "2016.10.25"]
[SourceQuality "1"]

1. d4 d5 2. c4 c6 3. Nc3 Nf6 4. Nf3 Bf5 5. e3 e6 6. Bd3 Bxd3 7. Qxd3 Bb4 8. 0-0 0-0 9. a3 Bxc3 10. Qxc3 Ne4 11. Qc2 Nd7 12. Nd2 f5 13. f3 Nxd2 14. Bxd2 Qf6 15. c5 e5 16. Bc3 exd4 17. Bxd4 Qe7 18. Qc3 Rae8 19. Rfe1 b6 20. Rac1 bxc5 21. Bxc5 Nxc5 22. Qxc5 Qxc5 23. Rxc5 d4 24. Kf2 dxe3+ 25. Rxe3 Rxe3 26. Kxe3 Rf6 27. b4 g5 28. Ra5 Re6+ 29. Kd3 Re1 30. Rxf5 h6 31. Ra5 Rd1+ 32. Kc4 Rc1+ 33. Kd4 Kg7 34. Rxa7+ Kf6 35. a4 Rc2 36. Rc7 Kf5 37. a5 Ke6 38. a6 Kd6 39. a7 Ra2 40. Rh7 Ra1 41. Rxh6+ Kc7 42. Rh7+ Kb6 43. Kc4 Rc1+ 44. Kb3 Ra1 45. g3 1-0

[Event "URU-chT Clubs"]
[Site "Punta del Este"]
[Date "2014.08.24"]
[Round "3.21"]
[White "Pinero, Ismael"]
[Black "Ulaneo, Matias"]
[Result "0-1"]
[WhiteElo "1920"]
[BlackElo "2006"]
[PlyCount "80"]
[EventDate "2014.08.23"]
[EventType "team-swiss"]
[EventRounds "5"]
[EventCountry "URU"]
[SourceTitle "EXT 2017"]
[Source "ChessBase"]
[SourceDate "2016.10.25"]
[SourceVersion "1"]
[SourceVersionDate "2016.10.25"]
[SourceQuality "1"]

1. e4 e6 2. d4 d5 3. Nc3 Bb4 4. e5 c5 5. Bd2 Ne7 6. Nb5 Bxd2+ 7. Qxd2 0-0 8. c3 Nbc6 9. Nf3 c4 10. Nd6 f6 11. Be2 fxe5 12. Nxc8 Rxc8 13. dxe5 Qc7 14. Qe3 Nf5 15. Qg5 Nxe5 16. Nxe5 Qxe5 17. g4 Qe4 18. f3 Qe3 19. Qxe3 Nxe3 20. Kd2 Ng2 21. b3 b5 22. b4 a5 23. bxa5 Ra8 24. a4 Rxa5 25. axb5 Rxb5 26. Rhb1 Rfb8 27. Rxb5 Rxb5 28. Kc2 Nf4 29. Bf1 Kf7 30. h4 Rb7 31. Ra6 Kf6 32. Ra8 Rf7 33. Kd2 Ke5 34. Ra5 Ng6 35. h5 Nh4 36. Bxc4 Nxf3+ 37. Ke3 Rc7 38. Kxf3 Rxc4 39. Ra3 Kf6 40. Rb3 Kg5 0-1

[Event "URU-chT Clubs"]
[Site "Punta del Este"]
[Date "2014.08.23"]
[Round "2.31"]
[White "Ulaneo, Matias"]
[Black "Lopez, Aldi"]
[Result "1/2-1/2"]
[WhiteElo "2006"]
[BlackElo "2042"]
[PlyCount "113"]
[EventDate "2014.08.23"]
[EventType "team-swiss"]
[EventRounds "5"]
[EventCountry "URU"]
[SourceTitle "EXT 2017"]
[Source "ChessBase"]
[SourceDate "2016.10.25"]
[SourceVersion "1"]
[SourceVersionDate "2016.10.25"]
[SourceQuality "1"]

1. d4 Nf6 2. Nf3 e6 3. e3 d5 4. Bd3 Nbd7 5. 0-0 Bd6 6. c4 c6 7. Nc3 0-0 8. Qc2 dxc4 9. Bxc4 Qe7 10. e4 e5 11. Be3 exd4 12. Bxd4 Ne5 13. Bxe5 Bxe5 14. Nxe5 Qxe5 15. b4 Ng4 16. g3 Qh5 17. h4 g5 18. Qe2 gxh4 19. f3 Ne5 20. g4 Qh6 21. Kh1 Kh8 22. Rad1 Be6 23. Bb3 Rad8 24. Nd5 cxd5 25. exd5 Qf4 26. dxe6 Rxd1 27. Rxd1 fxe6 28. Bxe6 Qg3 29. Qg2 Qf4 30. Bf5 Kg7 31. Qf2 Rf7 32. Rf1 Qxb4 33. a3 Qf4 34. Qxa7 Nc6 35. Qf2 Nd4 36. Be4 Qe5 37. Qxh4 h6 38. Qh2 Qb5 39. Rb1 Qa5 40. Qb2 Qd8 41. Rd1 Rd7 42. Kg2 Kg8 43. Qd2 Qf6 44. Qa2+ Kg7 45. Qc4 b5 46. Qc8 Re7 47. Qc5 Rxe4 48. fxe4 Qf3+ 49. Kh2 Qe2+ 50. Kh3 Qe3+ 51. Kg2 Qxe4+ 52. Kh3 Qf3+ 53. Kh4 Qf2+ 54. Kh3 Qf3+ 55. Kh4 Qxd1 56. Qe7+ Kg6 57. Qd6+ 1/2-1/2

[Event "URU-chTA"]
[Site "Punta del Este"]
[Date "2013.08.17"]
[Round "3.42"]
[White "Ulaneo, Matias"]
[Black "Almandoz, Carlos"]
[Result "1-0"]
[WhiteElo "2002"]
[BlackElo "1800"]
[PlyCount "75"]
[EventDate "2013.08.16"]
[EventType "team-swiss"]
[EventRounds "5"]
[EventCountry "URU"]
[SourceTitle "EXT 2018"]
[Source "ChessBase"]
[SourceDate "2017.10.13"]
[SourceVersion "1"]
[SourceVersionDate "2017.10.13"]
[SourceQuality "1"]

1. c4 Nf6 2. g3 g6 3. Bg2 Bg7 4. Nc3 d6 5. e4 c6 6. Nge2 h5 7. h3 Qc7 8. d4 Nbd7 9. Be3 e5 10. 0-0 Nh7 11. f4 Nb6 12. b3 0-0 13. fxe5 dxe5 14. c5 Nd7 15. d5 Qa5 16. a3 Qd8 17. Qd2 Ndf6 18. b4 Bd7 19. Kh2 g5 20. Ng1 Kh8 21. Kh1 Bh6 22. Rf2 Rg8 23. Raf1 Rg6 24. Nf3 Qe8 25. Ng1 Qg8 26. dxc6 bxc6 27. Qe2 Rd8 28. Rd1 Be6 29. Bc1 Rxd1 30. Qxd1 g4 31. h4 Qc8 32. Bxh6 Rxh6 33. Rd2 Nd7 34. Rd6 Rf6 35. Qa4 Bc4 36. Qxa7 Rxd6 37. cxd6 Nhf8 38. Qe3 1-0

[Event "Latin Cup"]
[Site "Montevideo"]
[Date "2011.11.04"]
[Round "5"]
[White "Barrionuevo, Pablo"]
[Black "Ulaneo, Matias"]
[Result "1-0"]
[WhiteElo "2336"]
[BlackElo "2036"]
[PlyCount "83"]
[EventDate "2011.11.01"]
[EventType "swiss"]
[EventRounds "9"]
[EventCountry "URU"]
[SourceTitle "EXT 2012"]
[Source "ChessBase"]
[SourceDate "2011.11.24"]
[SourceVersion "1"]
[SourceVersionDate "2011.11.24"]
[SourceQuality "1"]

1. d4 e6 2. c4 b6 3. Nf3 Bb7 4. g3 f5 5. Bg2 Bb4+ 6. Nbd2 Nf6 7. 0-0 Bxd2 8. Qxd2 Be4 9. b3 0-0 10. Bb2 Re8 11. Rfd1 d6 12. Bh3 Bxf3 13. exf3 Nbd7 14. f4 Qe7 15. d5 g6 16. dxe6 Qxe6 17. Qc3 Kf8 18. Bg2 Rad8 19. Bd5 Qe7 20. Re1 Qg7 21. Bc6 Qh6 22. Rxe8+ Rxe8 23. Re1 Rxe1+ 24. Qxe1 Kf7 25. Bd5+ Kf8 26. Be6 Qh5 27. Kg2 g5 28. fxg5 Qxg5 29. Bxd7 Nxd7 30. Qe6 Nc5 31. Qc8+ Kf7 32. h4 Qe7 33. Qxf5+ Kg8 34. Qg5+ Kf7 35. Qh5+ Kf8 36. Qf3+ Ke8 37. Bd4 Ne4 38. Qh5+ Kd7 39. Qf5+ Ke8 40. f3 Nd2 41. Qd3 Qe1 42. Bc3 1-0

[Event "URU-ch U20"]
[Site "Paysandu"]
[Date "2010.07.17"]
[Round "3"]
[White "Ulaneo, Matias"]
[Black "Arcos Facio, Mateo"]
[Result "1/2-1/2"]
[WhiteElo "1976"]
[BlackElo "2143"]
[PlyCount "103"]
[EventDate "2010.07.16"]
[EventType "swiss"]
[EventRounds "6"]
[EventCountry "URU"]
[SourceTitle "EXT 2013"]
[Source "ChessBase"]
[SourceDate "2012.11.22"]
[SourceVersion "1"]
[SourceVersionDate "2012.11.22"]
[SourceQuality "1"]

1. c4 g6 2. g3 Bg7 3. Bg2 d6 4. e3 e5 5. Ne2 Nc6 6. d3 Be6 7. Nbc3 Qd7 8. Nd5 Nd8 9. 0-0 c6 10. Ndc3 Nf6 11. f4 Bh3 12. fxe5 dxe5 13. e4 Bxg2 14. Kxg2 Ne6 15. Be3 0-0 16. Qd2 Ng4 17. Rad1 Rad8 18. Rf3 Nd4 19. Rff1 h5 20. h3 Nxe3+ 21. Qxe3 Kh7 22. Qc1 Bh6 23. Qb1 Ne6 24. b4 Qe7 25. a3 Rd6 26. Na4 Rfd8 27. Nb2 a5 28. c5 R6d7 29. Nc4 Nd4 30. Nxd4 Rxd4 31. Nxa5 h4 32. Qb3 Kg7 33. g4 Bf4 34. Nc4 Qd7 35. Nd6 b6 36. Rxf4 Rxd6 37. Rxf7+ Qxf7 38. Qxf7+ Kxf7 39. cxd6 Rxd6 40. Kf3 Rf6+ 41. Ke2 Ke7 42. Rf1 Rd6 43. g5 c5 44. Rg1 cxb4 45. axb4 Rd4 46. Rb1 Kd6 47. Kd2 Kc6 48. Kc3 Kb5 49. Rg1 Rxb4 50. Rg4 Rb1 51. Rxh4 Rg1 52. Rh8 1/2-1/2